Desarrollo del lenguaje y didáctica de las lenguas

محفوظ في:
التفاصيل البيبلوغرافية
المؤلف الرئيسي: Bronckart, Jean Paul
مؤلف مشترك: e-libro, Corp
التنسيق: كتاب الكتروني
اللغة:الإسبانية
منشور في: Buenos Aires, Argentina : Miño y Dávila, 2007.
سلاسل:Desarrollo del lenguaje y didáctica de las lenguas
الموضوعات:
الوصول للمادة أونلاين:https://elibro.unach.elogim.com/es/lc/unach/titulos/101968
الوسوم: إضافة وسم
لا توجد وسوم, كن أول من يضع وسما على هذه التسجيلة!

MARC

LEADER 00000nam a2200000 a 4500
001 ELB101968
003 FlNmELB
006 m o d |
007 cr cn|||||||||
008 201008r2007 ag |||||s|||||||||||spa d
020 |z 9788496571631 
035 |a (OCoLC)928985438 
040 |a FlNmELB  |b spa  |c FlNmELB 
050 4 |a P37  |b B869 2007 
080 |a 81'243 
082 0 4 |a 401.9  |2 22 
100 1 |a Bronckart, Jean Paul. 
245 1 0 |a Desarrollo del lenguaje y didáctica de las lenguas  |h [recurso electronico] /  |c Jean-Paul Bronckart. 
260 |a Buenos Aires, Argentina :  |b Miño y Dávila,  |c 2007. 
300 |a 192 p. 
440 0 |a Desarrollo del lenguaje y didáctica de las lenguas 
533 |a Recurso electrónico. Santa Fe, Arg.: e-libro, 2015. Disponible vía World Wide Web. El acceso puede estar limitado para las bibliotecas afiliadas a e-libro. 
650 4 |a Lenguaje  |x Didáctica. 
650 4 |a Psicolingüística. 
650 4 |a Psycholinguistics. 
653 |a Psicolingüistica 
653 |a Didactica 
655 4 |a Libros electrónicos. 
710 2 |a e-libro, Corp. 
856 4 0 |u https://elibro.unach.elogim.com/es/lc/unach/titulos/101968